00448nam a22001577a 450000500170000001000150001702000260003203500140005803700130007208200150008510000260010024500550012626000250018127000460020630000380025220220720124501.0 aENG-133674 a9789381140697c295.00 aEN-117206 bDBAD/PUB a954.031092 aMtttra, Kissory Chand aMemoir of Dwarkanath Tagore/cKissory Chand Mittra aKolkatabParulc2012 a8/3, Chintamoni Das LanebKolkatae700009 axlix,123 p.c24 cm(Hbk)bAppendix